AP Gov SCOTUS cases - Statistics

General Stats
  • This quiz has been taken 204 times
  • The average score is 13 of 15
Answer Stats
Question Answer % Correct
Does the free exercise clause of the 1st amendment allow the Amish to stop attending school after 8th grade? Wisconsin v Yoder
100%
Does Freedom of speech in 1st amendment defend students wearing an expressive arm band? Tinker v Des Moines
99%
Does freedom of press in 1st amendment defend publishing the Pentagon papers? NYT v US
97%
Does the segregation of public schools violate the equal protection clause of the 14th Amendment? Brown v BOE
96%
Do the BCRA's disclosure requirements impose an unconstitutional burden when applied to election requirements because they are protected by political speech? Citizens United v FEC
96%
Is the 1990 Gun-Free Schools Zone Act unconstitutional? (selective incorporation) US v Lopez
96%
Is it against the 1st Amendment to hold an optional prayer in schools? Engel v Vitale
95%
Does the 6th amendment give a man the right to an attorney? Gideon v Wainwright
95%
Is freedom of speech more important than the Espionage Act and the national defense? Schenck v US
95%
Could the SCOTUS be required to force a writ of mandamus? (Judicial review) Marbury v Madison
92%
Does the Necessary and Proper Clause allow for a national bank to be made? Do federal laws override state laws? McCulloch v Maryland
92%
Does the 2nd amendment apply to the states due to selective incorporation? McDonald v Chicago
89%
Did NC legislators racially gerrymander their districts? Shaw v Reno
86%
Did the SCOTUS have jurisdiction over the question of legislative apportionment and districting? (established one man, one vote) Baker v Carr
85%
Is Mississippi's law banning nearly all abortions after 15 weeks gestational age unconstitutional? Dobbs v Jackson
20%
No matching quizzes found
Score Distribution
Percent of People with Each Score
Percentile by Number Answered
Your Score History
You have not taken this quiz